| 000 | 00348nam a22001337a 4500 | ||
|---|---|---|---|
| 020 | _qHB. | ||
| 040 | _cFIZZA ISHAQ | ||
| 082 |
_a628.1 _bNAZ |
||
| 100 |
_aLAWRENCE,NAZIH. _990979 |
||
| 245 |
_aWATER SUPPLY AND WATER REMOVAL FAIR GEYER AND OKUN,S / _cNAZIH LAWRENCE. |
||
| 260 |
_aJOHN WILEY SON. _c2011. |
||
| 300 | _a824 P. ; | ||
| 942 |
_2ddc _cBK |
||
| 999 |
_c589174 _d589174 |
||